| 000 | 01288cam a22003254a 4500 | ||
|---|---|---|---|
| 001 | 13579164 | ||
| 005 | 20220326193323.0 | ||
| 008 | 040426s2004 ag a bc 000 0 spa | ||
| 010 | _a 2004423128 | ||
| 020 | _a9879767780 | ||
| 035 | _a(CVcHKB)kb2001072010 | ||
| 040 |
_aDLC _cDLC _dDLC |
||
| 041 | 0 |
_aspa _aeng |
|
| 042 | _apcc | ||
| 082 |
_a708 _bB 528b |
||
| 245 | 0 | 0 |
_aBerni de la Vega monstruos : _bnoviembre 2003-febrero 2004, Buenos Aires, Argentina. |
| 260 |
_aBuenos Aires, Argentina : _bMALBA, _c[2004] |
||
| 300 |
_a66 p. : _bcol. ill. ; _c21 cm. |
||
| 500 | _a"Colección Costantini." | ||
| 504 | _aIncludes bibliographical references. | ||
| 546 | _aSpanish and English. | ||
| 600 | 1 | 0 |
_aBerni, Antonio, _d1905-1981 _vExhibitions. _92697 |
| 600 | 1 | 0 |
_aVega, Jorge de la, _d1930-1971 _vExhibitions. _92698 |
| 650 | 0 |
_aMonsters in art _vExhibitions. _xBerni, Antonio. 1905-1981-Exhibiciones _xVega, Jorge de la-1930-1971-Exhibiciones _xMonstrous en el arte-Exhibiciones _xArte moderno _zArgentina _92699 |
|
| 700 | 1 |
_aBerni, Antonio, _d1905- _92700 |
|
| 700 | 1 |
_aVega, Jorge de la, _d1930-1971. _92701 |
|
| 710 | 2 |
_aMuseo de Arte Latinoamericano de Buenos Aires. _92702 |
|
| 906 |
_a7 _bcbc _corigres _d3 _encip _f20 _gy-gencatlg |
||
| 999 |
_c603 _d603 |
||